[Event "Huntingdale Masters"]
[Site "Huntingdale Chess Club"]
[Date "2006.04.21"]
[Round "1"]
[White "Hare, T"]
[Black "Horstmann, M"]
[Result "1-0"]
[WhiteElo "2067"]
[BlackElo "2100"]
[EventDate "2006.04.21"]

1.c4 g6 2.Nc3 Bg7 3.g3 d6 4.Bg2 e5 5.e3 Ne7 6.Nge2 O-O 7.O-O c6 8.d4 Bg4 
9.d5 Bxe2 10.Qxe2 c5 11.Rb1 Nd7 12.b4 cxb4 13.Rxb4 Nc5 14.Bd2 Qd7 15.Rfb1 
Rfc8 16.e4 b6 17.h4 Rf8 18.a4 Nc8 19.Be3 Nb7 20.Kh2 f5 21.Bh3 Qd8 22.exf5 
gxf5 23.Qh5 Qf6 24.Nb5 Qf7 25.Qxf7+ Rxf7 26.f4 e4 27.Nd4 Bxd4 28.Bxd4 h5 
29.Rb5 Kh7 30.Bc3 Kg6 31.a5 Rc7 32.Bf1 Nxa5 33.Bxa5 bxa5 34.Rxa5 Nb6 35.
Rxb6 axb6 36.Rxa8 b5 37.cxb5 Rc2+ 38.Kg1 Kf7 39.Ra3 1-0

[Event "Huntingdale Masters"]
[Site "Huntingdale Chess Club"]
[Date "2006.05.24"]
[Round "1"]
[White "Sheridan, W"]
[Black "Barber, H"]
[Result "0-1"]
[WhiteElo "1466"]
[BlackElo "2142"]
[EventDate "2006.04.21"]

1.d4 Nf6 2.Nf3 c5 3.c3 cxd4 4.cxd4 g6 5.Bg5 Bg7 6.e3 O-O 7.Be2 Qb6 8.Qc1 
d6 9.O-O h6 10.Bh4 Bf5 11.Nc3 g5 12.Bg3 Nbd7 13.h3 Bg6 14.Bh2 Rfe8 15.h4 
g4 16.Ne1 Rac8 17.Qd2 h5 18.Bd3 Bxd3 19.Nxd3 e5 20.dxe5 dxe5 21.e4 Rcd8 
22.Qg5 Nf8 23.Rad1 Ng6 24.Bg3 Rd4 25.Qf5 Qe6 26.Qxe6 Rxe6 27.f3 gxf3 28.
gxf3 Bf8 29.Bf2 Rd7 30.Kg2 Rxd3 31.Rxd3 Nf4+ 32.Kg3 Nxd3 33.Bxa7 0-1

[Event "Huntingdale Masters"]
[Site "Huntingdale Chess Club"]
[Date "2006.06.09"]
[Round "1"]
[White "Kurniawan, S"]
[Black "Roza, P"]
[Result "1-0"]
[WhiteElo "1987"]
[BlackElo "1937"]
[EventDate "2006.04.21"]

1.b3 e5 2.Bb2 Nc6 3.g3 g6 4.Bg2 Bg7 5.Nf3 d6 6.O-O f5 7.c4 Nf6 8.d4 e4 9.
Ne1 d5 10.cxd5 Nxd5 11.Nc2 O-O 12.Nc3 Be6 13.Qd2 Nce7 14.Nxd5 Bxd5 15.Na3 
a5 16.Rfc1 a4 17.b4 c6 18.b5 Qd7 19.bxc6 Bxc6 20.Nc4 f4 21.Nb6 Qf5 22.Rc5 
Qf7 23.e3 Ra6 24.Nc4 f3 25.Bf1 Rd8 26.Ne5 Bxe5 27.Rxe5 Raa8 28.d5 Bxd5 29.
Qd4 Nc6 30.Re8+ 1-0

[Event "Huntingdale Masters"]
[Site "Huntingdale Chess Club"]
[Date "2006.06.23"]
[Round "1"]
[White "Dunlop, G"]
[Black "Donaldson, T"]
[Result "0-1"]
[WhiteElo "1812"]
[BlackElo "1788"]
[EventDate "2006.04.21"]

1.e4 c6 2.d4 d5 3.exd5 cxd5 4.Bd3 g6 5.c3 Bg7 6.h3 Nc6 7.Nf3 a6 8.O-O Bf5 
9.Bxf5 gxf5 10.Bf4 Nf6 11.Ne5 O-O 12.Nd2 Ne4 13.Nxe4 fxe4 14.Qg4 Kh8 15.f3
f5 16.Qh5 Nxe5 17.Bxe5 Bxe5 18.dxe5 Qb6+ 19.Kh1 Qg6 20.Qxg6 hxg6 21.Rad1 
Rad8 22.Rd4 e6 23.Kg1 Kg7 24.Kf2 g5 25.Ke2 Kg6 26.c4 dxc4 27.Rxc4 exf3+ 
28.Rxf3 Rd5 29.Rd3 Rfd8 30.Rxd5 Rxd5 31.Rc7 Rxe5+ 32.Kd2 Rb5 33.b3 f4 34.
Kd3 Kf5 35.Rf7+ Ke5 36.Rc7 Kf6 37.Kd2 e5 38.Kd3 Rb4 39.Kc3 Rb6 40.Rh7 Kg6 
41.Re7 Kf5 42.Rf7+ Ke4 43.Rg7 Ke3 44.Rxg5 Rc6+ 45.Kb2 e4 46.h4 f3 47.gxf3 
exf3 48.Rf5 f2 49.Re5+ Kf4 0-1

[Event "Huntingdale Masters"]
[Site "Huntingdale Chess Club"]
[Date "2006.06.29"]
[Round "1"]
[White "Fedec, J"]
[Black "Boyd, T"]
[Result "1/2-1/2"]
[WhiteElo "1858"]
[BlackElo "2240"]
[EventDate "2006.04.21"]

1.e4 c5 2.Nf3 a6 3.c4 e6 4.Nc3 Qc7 5.d4 cxd4 6.Nxd4 Nf6 7.Nc2 Nc6 8.Be2 b6
9.O-O Bb7 10.b3 Nb4 11.Bf3 Nxc2 12.Qxc2 Bc5 13.Bb2 Qf4 14.Bc1 Qe5 15.Bb2 
Bd4 16.Rad1 Bxc3 17.Bxc3 1/2-1/2

[Event "Huntingdale Masters"]
[Site "Huntingdale Chess Club"]
[Date "2006.04.28"]
[Round "2"]
[White "Barber, H"]
[Black "Donaldson, T"]
[Result "1/2-1/2"]
[WhiteElo "2142"]
[BlackElo "1788"]
[EventDate "2006.04.21"]

1.e4 c6 2.d4 d5 3.exd5 cxd5 4.c4 Nf6 5.Nc3 e6 6.Nf3 Be7 7.Bd3 Nc6 8.O-O b6
9.Re1 Bb7 10.a3 a5 11.Bf4 O-O 12.Qe2 dxc4 13.Bxc4 Nxd4 14.Nxd4 Qxd4 15.Be3
Qd6 16.f3 Rac8 17.Rac1 Nd5 18.Bxd5 Bxd5 19.Qf2 1/2-1/2

[Event "Huntingdale Masters"]
[Site "Huntingdale Chess Club"]
[Date "2006.04.28"]
[Round "2"]
[White "Boyd, T"]
[Black "Hare, T"]
[Result "1/2-1/2"]
[WhiteElo "2240"]
[BlackElo "2067"]
[EventDate "2006.04.21"]

1.e4 g6 2.d4 Bg7 3.c4 d6 4.Nc3 c6 5.Be3 Nd7 6.f3 a6 7.Rc1 Ngf6 8.Bd3 b5 9.
a3 Rb8 10.cxb5 cxb5 11.Nge2 Nb6 12.O-O O-O 13.b3 Bb7 14.Qd2 Nbd7 15.Rfd1 
Rc8 16.Na2 Rxc1 17.Rxc1 Qb8 18.a4 bxa4 19.bxa4 Rc8 20.a5 Rxc1+ 21.Nexc1 
Qc7 22.Nb3 Nb8 23.Nb4 Nfd7 24.Qc2 Qxc2 25.Nxc2 e6 26.Nb4 Kf8 27.Kf1 Ke8 
28.g4 Bf8 29.d5 Nc5 30.Bc4 e5 31.Nxc5 dxc5 32.Nd3 Nd7 33.Bb3 Bd6 34.Ba4 c4
35.Nb2 c3 36.Nc4 Ke7 37.Nxd6 Kxd6 38.Bxd7 Kxd7 39.Ke2 Kd6 40.Kd3 Bc8 41.
Ba7 Kc7 42.Kxc3 1/2-1/2

[Event "Huntingdale Masters"]
[Site "Huntingdale Chess Club"]
[Date "2006.04.28"]
[Round "2"]
[White "Sheridan, W"]
[Black "Fedec, J"]
[Result "1-0"]
[WhiteElo "1466"]
[BlackElo "1858"]
[EventDate "2006.04.21"]

1.d4 d5 2.Nf3 Nf6 3.e3 Bf5 4.c4 c6 5.cxd5 cxd5 6.Nc3 Nc6 7.Ne5 e6 8.Qa4 
Qb6 9.Bb5 Rc8 10.O-O Be7 11.b3 O-O 12.Bxc6 bxc6 13.Ba3 Bxa3 14.Qxa3 c5 15.
Na4 Qb4 16.Qxb4 cxb4 17.Rfc1 Ne4 18.Nd7 Rfd8 19.Ndc5 Nd6 20.Na6 Nb5 21.
Nxb4 Na3 22.Rc5 Bb1 23.Nc6 Kf8 24.Nxd8 Rxd8 25.Nc3 Bd3 26.Rc1 f6 27.Rc7 a5
28.Ra7 Rc8 29.Rxa5 Nc2 30.Na4 Rd8 31.Rc5 Nb4 32.a3 Na6 33.Rc8 1-0

[Event "Huntingdale Masters"]
[Site "Huntingdale Chess Club"]
[Date "2006.05.01"]
[Round "2"]
[White "Horstmann, M"]
[Black "Kurniawan, S"]
[Result "1/2-1/2"]
[WhiteElo "2100"]
[BlackElo "1987"]
[EventDate "2006.04.21"]

1.d4 d5 2.Nf3 Nf6 3.Bg5 e6 4.e3 Be7 5.c4 O-O 6.Nc3 h6 7.Bh4 b6 8.Qc2 Bb7 
9.Bxf6 Bxf6 10.cxd5 exd5 11.Bd3 Nc6 12.a3 a6 13.b4 b5 14.O-O Ne7 15.Nd2 
Nc8 16.Nb3 Nb6 17.a4 c6 18.axb5 cxb5 19.Rfc1 Nc4 20.Nc5 Qe7 21.Ra2 g6 22.
Rca1 Rfe8 23.Qe2 Qc7 24.Qf3 Kg7 25.Bxc4 bxc4 26.Nxd5 Bxd5 27.Qxd5 c3 28.
Qc4 Qe7 29.Qxc3 Rac8 30.Rxa6 Rc7 31.g3 Rec8 32.Ra8 h5 33.Rxc8 Rxc8 34.Qd3 
h4 35.Qe4 Qc7 36.Ra6 h3 37.f4 Qb8 38.Rxf6 Qxb4 39.Rxf7+ Kxf7 40.Qe6+ Kg7 
41.Qd7+ Kh6 42.Qxh3+ Kg7 43.Qd7+ Kh6 44.Qe7 Qe1+ 45.Kg2 Qe2+ 46.Kh3 Re8 
47.Qf6 Qf1+ 48.Kh4 Qe2 49.Kh3 1/2-1/2

[Event "Huntingdale Masters"]
[Site "Huntingdale Chess Club"]
[Date "2006.05.31"]
[Round "2"]
[White "Roza, P"]
[Black "Dunlop, G"]
[Result "1/2-1/2"]
[WhiteElo "1937"]
[BlackElo "1812"]
[EventDate "2006.04.21"]

1.e4 c5 2.Nf3 d6 3.Bb5+ Bd7 4.Bxd7+ Qxd7 5.O-O g6 6.d4 cxd4 7.Nxd4 Bg7 8.
c4 Nf6 9.Nc3 O-O 10.f3 Nc6 11.Nde2 Rfc8 12.b3 a6 13.Bb2 Na7 14.Qd2 b5 15.
Nd5 Nxd5 16.cxd5 Bxb2 17.Qxb2 Rc5 18.Rac1 Rac8 19.Nf4 Qc7 20.Nd3 Rc2 21.
Rxc2 Qxc2 22.Qxc2 Rxc2 23.Nb4 Rc3 24.Nxa6 Kg7 25.Nb4 Kf6 26.Kf2 Ke5 27.Rd1
h5 28.Ke2 f5 29.exf5 Kxf5 30.Kd2 Rc5 31.Re1 Kf6 32.Kd3 Nc8 33.Kd4 Nb6 34.
f4 Kf7 35.g3 Kf6 36.h3 Kf7 37.Re3 Rc1 38.Rc3 Rd1+ 39.Rd3 Rh1 40.h4 Kf6 41.
Ke4 Re1+ 42.Re3 Rd1 43.Rc3 Re1+ 44.Kf3 Rd1 45.Ke4 Re1+ 46.Re3 Rd1 47.Re2 
Rg1 48.Kf3 Rd1 49.Ke4 Rg1 50.Kd4 Rxg3 51.Re6+ Kf7 52.Nc6 Nc8 53.Re4 Rh3 
54.a4 1/2-1/2

[Event "Huntingdale Masters"]
[Site "Huntingdale Chess Club"]
[Date "2006.05.05"]
[Round "3"]
[White "Hare, T"]
[Black "Sheridan, W"]
[Result "1-0"]
[WhiteElo "2067"]
[BlackElo "1466"]
[EventDate "2006.04.21"]

1.c4 e6 2.g3 d5 3.cxd5 exd5 4.Bg2 Nf6 5.Nf3 Bd6 6.O-O O-O 7.Nc3 c6 8.d3 
Nbd7 9.Bg5 h6 10.Bd2 Re8 11.a3 Ne5 12.Rc1 Nxf3+ 13.exf3 Bf5 14.Be3 Bxa3 
15.bxa3 d4 16.Ne4 dxe3 17.fxe3 Nd5 18.Qd2 Qe7 19.a4 Bg6 20.Rfe1 Qb4 21.
Qxb4 Nxb4 22.Bf1 Rad8 23.Rc3 Nd5 24.Rb3 b6 25.Kf2 f5 26.Nd2 Bf7 27.Nc4 c5 
28.f4 Nb4 29.d4 Na6 30.a5 cxd4 31.axb6 Nc5 32.Rb5 Ne4+ 33.Kg1 axb6 34.exd4
Rxd4 35.Ne5 Rb8 36.Nc6 Rbd8 37.Nxd8 Rxd8 38.Rxf5 Nf6 39.Rb5 Rb8 40.Reb1 
Nd5 41.Bc4 Nf6 42.Bxf7+ Kxf7 43.Rxb6 Rd8 44.f5 Re8 45.Rb7+ Kf8 46.Rb8 Kf7 
47.R1b7+ Kf8 48.h3 Rxb8 49.Rxb8+ Kf7 50.Rb7+ Kf8 51.g4 Kg8 52.Kg2 Nh7 53.
h4 Nf8 54.g5 hxg5 55.hxg5 Nh7 56.g6 Nf8 57.Rb8 1-0

[Event "Huntingdale Masters"]
[Site "Huntingdale Chess Club"]
[Date "2006.05.05"]
[Round "3"]
[White "Donaldson, T"]
[Black "Roza, P"]
[Result "1/2-1/2"]
[WhiteElo "1788"]
[BlackElo "1937"]
[EventDate "2006.04.21"]

1.d4 Nf6 2.c4 g6 3.Nc3 d5 4.cxd5 Nxd5 5.e4 Nxc3 6.bxc3 Bg7 7.Bc4 c5 8.Nf3 
Nc6 9.Be3 O-O 10.h3 b6 11.O-O Bb7 12.Rc1 Rc8 13.Qd2 e6 14.Bg5 Qd7 15.Bb5 
a6 16.Bxc6 Bxc6 17.Qe3 f5 18.dxc5 bxc5 19.e5 Qd5 20.Be7 f4 21.Qxc5 Rf5 22.
Qxd5 Bxd5 23.Nd4 Rxe5 24.Bd6 Re4 25.Rfe1 Rxc3 26.Nb3 Kf7 27.Rxe4 Bxe4 28.
Rxc3 Bxc3 29.Nc5 Bd5 30.Nxa6 e5 31.Nb4 Bc4 32.a4 Ke6 33.Bf8 e4 34.Nc2 Bb3 
35.Bb4 Be5 36.Ne1 Bxa4 37.Bd2 Kd5 38.Ba5 Kd4 39.Bb6+ Kc3 40.Ba5+ Kb2 41.
Bb4 Bb5 42.g3 fxg3 43.fxg3 Bxg3 44.Ng2 Kc2 45.Bc5 Kd3 46.Bf2 Be5 47.Be3 
Bd7 48.h4 Bg4 49.Kf2 Bf3 50.Ne1+ Kc4 51.Nxf3 exf3 52.Kxf3 Kd3 53.h5 
1/2-1/2

[Event "Huntingdale Masters"]
[Site "Huntingdale Chess Club"]
[Date "2006.05.05"]
[Round "3"]
[White "Fedec, J"]
[Black "Barber, H"]
[Result "1-0"]
[WhiteElo "1858"]
[BlackElo "2142"]
[EventDate "2006.04.21"]

1.e4 c5 2.Nf3 Nc6 3.d4 cxd4 4.Nxd4 Nf6 5.Nc3 d6 6.Bc4 e6 7.Be3 a6 8.Qe2 
Qc7 9.O-O-O Na5 10.Bd3 b5 11.g4 b4 12.Nb1 Nd7 13.f4 Nc5 14.Nd2 Bd7 15.Kb1 
Be7 16.g5 Qb7 17.Nf5 exf5 18.Bxc5 dxc5 19.exf5 Kf8 20.f6 gxf6 21.Qh5 f5 
22.Nc4 Nc6 23.g6 fxg6 24.Qh6+ Kf7 25.Rhe1 Be6 26.Rxe6 Kxe6 27.Qg7 Rag8 28.
Re1+ Kd7 29.Qf7 Kd8 30.Bf1 Qc7 31.Rd1+ Nd4 32.c3 bxc3 33.bxc3 Qb7+ 34.Kc1 
Rf8 35.Qg7 Qf3 36.cxd4 Qxf4+ 37.Kb1 Qb8+ 38.Kc1 Qf4+ 39.Kc2 {Black's flag 
fell, Black needed to make 40 moves in the first control.} 1-0

[Event "Huntingdale Masters"]
[Site "Huntingdale Chess Club"]
[Date "2006.05.05"]
[Round "3"]
[White "Kurniawan, S"]
[Black "Boyd, T"]
[Result "0-1"]
[WhiteElo "1987"]
[BlackElo "2240"]
[EventDate "2006.04.21"]

1.e4 c5 2.Nf3 d6 3.d3 Nc6 4.g3 g6 5.Bg2 Bg7 6.O-O e5 7.Bg5 f6 8.Be3 Nge7 
9.Qc1 O-O 10.Bh6 Be6 11.Bxg7 Kxg7 12.c3 Qd7 13.Re1 d5 14.exd5 Bxd5 15.Nbd2
Bxf3 16.Nxf3 Qxd3 17.Rd1 Qa6 18.Qe3 Rad8 19.Qxc5 b6 20.Qe3 Rxd1+ 21.Rxd1 
Qxa2 22.Rd7 Rf7 23.Bf1 Qe6 24.Rd1 Rf8 25.Bb5 Rd8 26.Rxd8 Nxd8 27.Qe4 Qd5 
28.Qe2 Nf7 29.Bc4 Qd8 30.h4 Nf5 31.Bb3 N5d6 32.Nd2 Qc8 33.Ne4 Qc6 34.Nxd6 
Nxd6 35.Qg4 Qc8 36.Qd1 Qc5 37.Qf3 Qb5 38.Qd1 Qc5 39.Qf3 f5 40.Qa8 Ne4 41.
Qg8+ Kh6 42.Kh1 Nxf2+ 0-1

[Event "Huntingdale Masters"]
[Site "Huntingdale Chess Club"]
[Date "2006.05.24"]
[Round "3"]
[White "Dunlop, G"]
[Black "Horstmann, M"]
[Result "0-1"]
[WhiteElo "1812"]
[BlackElo "2100"]
[EventDate "2006.04.21"]

1.e4 d5 2.exd5 Nf6 3.Nc3 Nxd5 4.d4 Nxc3 5.bxc3 e5 6.Bc4 exd4 7.Qf3 Qe7+ 8.
Ne2 Nc6 9.cxd4 Qb4+ 10.Qc3 Nxd4 11.Qxb4 Nxc2+ 12.Kd2 Nxb4 13.Re1 Be6 14.
Nd4 O-O-O 15.Bxe6+ fxe6 16.Kc3 Rxd4 17.Kxd4 Nc2+ 18.Ke4 Nxe1 0-1

[Event "Huntingdale Masters"]
[Site "Huntingdale Chess Club"]
[Date "2006.05.12"]
[Round "4"]
[White "Horstmann, M"]
[Black "Donaldson, T"]
[Result "1-0"]
[WhiteElo "2100"]
[BlackElo "1788"]
[EventDate "2006.04.21"]

1.e4 c6 2.Nc3 d5 3.Qf3 d4 4.Bc4 e6 5.Nce2 b5 6.Bb3 Bb7 7.d3 c5 8.Qg3 Nd7 
9.Nf3 Nb6 10.a3 Ne7 11.h4 h6 12.h5 c4 13.Ba2 Nc6 14.Bf4 Rc8 15.O-O cxd3 
16.cxd3 Qf6 17.Rac1 Rd8 18.Rc2 Be7 19.Rfc1 Nd7 20.Rxc6 Bxc6 21.Rxc6 Bc5 
22.Ne5 Bb6 23.Nxf7 Kxf7 24.Rxe6 Qxe6 25.Qg6+ 1-0

[Event "Huntingdale Masters"]
[Site "Huntingdale Chess Club"]
[Date "2006.05.12"]
[Round "4"]
[White "Barber, H"]
[Black "Roza, P"]
[Result "1/2-1/2"]
[WhiteElo "2142"]
[BlackElo "1937"]
[EventDate "2006.04.21"]

1.e4 e5 2.Nf3 Nc6 3.Bb5 a6 4.Bxc6 dxc6 5.O-O Qf6 6.d4 exd4 7.Bg5 Qd6 8.
Nxd4 Be7 9.Be3 Bd7 10.Nc3 Nf6 11.f3 b6 12.Qe2 c5 13.Nb3 Bc6 14.Bf2 Qe6 15.
Bg3 Ra7 16.Rad1 O-O 17.Rfe1 Nh5 18.Nd5 Nxg3 19.Nxe7+ Qxe7 20.hxg3 Qe5 21.
Qf2 Qxb2 22.e5 Re8 23.Rd2 Raa8 24.c4 Qc3 25.Rc2 Qd3 26.g4 Rad8 27.Re3 Qg6 
28.Qe2 h5 29.gxh5 Qxh5 30.Rc1 Qg5 31.Re1 Re6 32.Nd2 Rde8 33.Nf1 b5 34.cxb5
Bxb5 35.Qd2 Rxe5 36.Rxe5 Rxe5 37.f4 Rxe1 38.fxg5 Rxf1+ 39.Kh2 c4 40.Qd8+ 
Kh7 41.Qxc7 Kg6 1/2-1/2

[Event "Huntingdale Masters"]
[Site "Huntingdale Chess Club"]
[Date "2006.05.12"]
[Round "4"]
[White "Sheridan, W"]
[Black "Kurniawan, S"]
[Result "0-1"]
[WhiteElo "1466"]
[BlackElo "1987"]
[EventDate "2006.04.21"]

1.d4 Nf6 2.Nf3 g6 3.Bg5 Bg7 4.Nbd2 O-O 5.e3 b6 6.Bd3 Bb7 7.Qe2 c5 8.c3 d6 
9.O-O Nbd7 10.b4 Nd5 11.Rfc1 cxb4 12.cxb4 Nxb4 13.Bc4 Rc8 14.a3 Nc6 15.Nb3
Ndb8 16.Rab1 d5 17.Bd3 Qd6 18.e4 e6 19.Qb2 dxe4 20.Bxe4 Nxd4 21.Nfxd4 
Rxc1+ 22.Rxc1 Bxe4 23.Qe2 Bxd4 24.Qxe4 Bg7 25.Qa4 Qd5 26.Be3 b5 27.Qb4 Nc6
28.Qc5 Qxb3 29.Qxc6 a5 30.Qc5 h5 31.Bd2 a4 32.Bb4 Rd8 33.g3 Rd5 34.Qc8+ 
Kh7 35.Qe8 Qf3 36.Qc8 h4 37.Bc3 h3 0-1

[Event "Huntingdale Masters"]
[Site "Huntingdale Chess Club"]
[Date "2006.05.12"]
[Round "4"]
[White "Boyd, T"]
[Black "Dunlop, G"]
[Result "1-0"]
[WhiteElo "2240"]
[BlackElo "1812"]
[EventDate "2006.04.21"]

1.e4 c5 2.c3 Nf6 3.e5 Nd5 4.d4 cxd4 5.Nf3 Nc6 6.Bc4 Nb6 7.Bb3 d3 8.Qxd3 e6
9.Bf4 Be7 10.Nbd2 Na5 11.c4 Nxb3 12.axb3 f5 13.exf6 Bxf6 14.Ne4 d5 15.Nd6+
Ke7 16.O-O dxc4 17.bxc4 Nd7 18.Qa3 1-0

[Event "Huntingdale Masters"]
[Site "Huntingdale Chess Club"]
[Date "2006.05.24"]
[Round "4"]
[White "Fedec, J"]
[Black "Hare, T"]
[Result "1-0"]
[WhiteElo "1858"]
[BlackElo "2067"]
[EventDate "2006.04.21"]

1.e4 c5 2.Nf3 a6 3.d4 cxd4 4.Nxd4 e5 5.Nf3 d6 6.Nc3 Be6 7.Ng5 Nf6 8.Nxe6 
fxe6 9.Bc4 Qd7 10.Bg5 b5 11.Bb3 Nc6 12.Bxf6 gxf6 13.f4 exf4 14.O-O h5 15.
Rxf4 Rh6 16.Rh4 O-O-O 17.Rxh5 Rg6 18.Qd2 Ne5 19.Kh1 Re8 20.Ne2 Qc6 21.Nf4 
Bh6 22.Rxh6 Rxh6 23.Bxe6+ Rxe6 24.Nxe6 Ng4 25.h3 f5 26.Qd5 Qxc2 27.Qa8+ 
Kd7 28.Qd8+ Kxe6 29.Qe8+ Kf6 30.Qf8+ Ke5 31.Qxf5+ Kd4 32.Qxg4 Rf6 33.Rd1+ 
Ke3 34.e5 dxe5 35.Re1+ Kd3 36.Qe4+ Kd2 37.Re2+ 1-0

[Event "Huntingdale Masters"]
[Site "Huntingdale Chess Club"]
[Date "2006.05.19"]
[Round "5"]
[White "Kurniawan, S"]
[Black "Fedec, J"]
[Result "1-0"]
[WhiteElo "1987"]
[BlackElo "1858"]
[EventDate "2006.04.21"]

1.e4 c5 2.Nf3 d6 3.d3 Nc6 4.g3 g6 5.h4 Bg7 6.h5 Bg4 7.h6 Bf6 8.Bh3 Bxh3 9.
Rxh3 e6 10.c3 d5 11.Qe2 dxe4 12.dxe4 e5 13.Be3 Be7 14.Nbd2 Nf6 15.O-O-O 
Qa5 16.Kb1 O-O 17.Nh4 Qa4 18.Bg5 Rfd8 19.Rhh1 Rd7 20.Bxf6 Bxf6 21.Ng2 Rad8
22.b3 Qa5 23.Kb2 Nd4 24.cxd4 exd4 25.Qc4 b5 26.b4 bxc4 27.bxa5 d3+ 28.Kc1 
c3 29.Nc4 Rb7 30.Nge3 d2+ 31.Kc2 Rb4 32.a3 Rb7 33.Nd5 Bd4 34.a6 Rbd7 35.f4
f5 36.Ne5 Rxd5 37.exd5 Rxd5 38.Rb1 Bxe5 39.fxe5 Rxe5 40.Kxc3 1-0

[Event "Huntingdale Masters"]
[Site "Huntingdale Chess Club"]
[Date "2006.05.19"]
[Round "5"]
[White "Dunlop, G"]
[Black "Sheridan, W"]
[Result "1-0"]
[WhiteElo "1812"]
[BlackElo "1466"]
[EventDate "2006.04.21"]

1.e4 d6 2.d4 Nf6 3.Nc3 Nbd7 4.Be2 e5 5.Nf3 Be7 6.O-O O-O 7.Bg5 c6 8.h4 Re8
9.h5 Nxh5 10.Bxe7 Qxe7 11.Nxe5 Nf4 12.Nxd7 Qg5 13.g3 Bxd7 14.Bf3 Bh3 15.
Re1 Re6 16.Ne2 Nxe2+ 17.Qxe2 Rae8 18.Qe3 Qg6 19.Qf4 Rf6 20.Qh4 Rxf3 21.
Qxh3 h5 22.Kg2 Qf6 23.Re2 d5 24.Qxh5 dxe4 25.Rh1 g6 26.Qh7+ Kf8 27.Qh8+ 
1-0

[Event "Huntingdale Masters"]
[Site "Huntingdale Chess Club"]
[Date "2006.05.19"]
[Round "5"]
[White "Hare, T"]
[Black "Barber, H"]
[Result "1-0"]
[WhiteElo "2067"]
[BlackElo "2142"]
[EventDate "2006.04.21"]

1.c4 f5 2.Nc3 Nf6 3.g3 g6 4.Bg2 Bg7 5.e3 O-O 6.Nge2 d6 7.d4 Qe8 8.O-O e5 
9.d5 a5 10.b3 Na6 11.a3 g5 12.f4 h6 13.b4 Bd7 14.Rb1 axb4 15.axb4 Kh8 16.
fxe5 Qxe5 17.Qd4 Qe7 18.Qd2 Rae8 19.Nd4 Ng4 20.Nd1 Qf6 21.Bb2 Qg6 22.Rc1 
Rf7 23.c5 Rfe7 24.Ne6 Bxe6 25.dxe6 dxc5 26.Bxb7 Qxe6 27.Bxg7+ Kxg7 28.Bxa6
Qxa6 29.Rxc5 Qe6 30.Rcxf5 Rd7 31.Qc3+ Kg8 32.Qc5 Rxd1 33.Rxd1 Nxe3 34.Re1 
Qe4 35.Rf2 Ra8 36.Qxe3 1-0

[Event "Huntingdale Masters"]
[Site "Huntingdale Chess Club"]
[Date "2006.05.25"]
[Round "5"]
[White "Roza, P"]
[Black "Horstmann, M"]
[Result "1/2-1/2"]
[WhiteElo "1937"]
[BlackElo "2100"]
[EventDate "2006.04.21"]

1.d4 g6 2.e4 Bg7 3.c4 c5 4.d5 d6 5.Nc3 a6 6.Be2 e6 7.Nf3 exd5 8.Nxd5 Nf6 
9.Bg5 h6 10.Nxf6+ Bxf6 11.Bxf6 Qxf6 12.Qd2 Bg4 13.O-O-O Ke7 14.e5 dxe5 15.
Nxe5 Bxe2 16.Rhe1 Kf8 17.Rxe2 Kg7 18.f4 Nc6 19.Nxc6 bxc6 20.Qd6 Rhd8 21.
Qxf6+ Kxf6 22.Re5 Rd4 23.Rxc5 Rxf4 24.Rd6+ Ke7 25.Rd2 Rf6 26.Kc2 Rd6 27.
Re2+ Kd7 28.Ra5 Re6 29.Rf2 f5 30.Kc3 Kc7 31.Rd2 Kb6 32.b4 Rb8 33.Rd7 Rb7 
34.Rd2 Rbe7 35.Kc2 1/2-1/2

[Event "Huntingdale Masters"]
[Site "Huntingdale Chess Club"]
[Date "2006.06.25"]
[Round "5"]
[White "Donaldson, T"]
[Black "Boyd, T"]
[Result "0-1"]
[WhiteElo "1788"]
[BlackElo "2240"]
[EventDate "2006.04.21"]

1.d4 Nf6 2.c4 g6 3.Nc3 Bg7 4.e4 d6 5.f3 O-O 6.Be3 c5 7.d5 e6 8.dxe6 Bxe6 
9.Bd3 Nc6 10.Nge2 Ne5 11.b3 Nh5 12.O-O f5 13.exf5 gxf5 14.f4 Ng4 15.Qd2 
Nhf6 16.h3 Nxe3 17.Qxe3 Qd7 18.Rad1 Rfe8 19.Qd2 Rad8 20.Rf3 Kh8 21.Bc2 Qf7
22.Rd3 Ne4 23.Nxe4 fxe4 24.Rg3 d5 25.cxd5 Rxd5 26.Qe1 Rxd1 27.Qxd1 Qd7 28.
Qe1 Bd5 29.Kh1 Bc6 30.Nc3 e3 31.Nb1 Bd4 32.Rg4 e2 33.Bxh7 Bf2 34.Qc3+ Qd4 
0-1

[Event "Huntingdale Masters"]
[Site "Huntingdale Chess Club"]
[Date "2006.05.26"]
[Round "6"]
[White "Hare, T"]
[Black "Kurniawan, S"]
[Result "0-1"]
[WhiteElo "2067"]
[BlackElo "1987"]
[EventDate "2006.04.21"]

1.c4 c6 2.Nf3 d5 3.b3 Bg4 4.Bb2 Bxf3 5.gxf3 Nf6 6.Na3 g6 7.Nc2 Bg7 8.e3 
O-O 9.h4 h5 10.d4 a5 11.Bd3 a4 12.c5 Nbd7 13.b4 Qc7 14.f4 e6 15.Rg1 b6 16.
a3 Ng4 17.Rb1 Qd8 18.Rxg4 hxg4 19.Qxg4 Nf6 20.Qh3 Nh5 21.Kd2 f5 22.Rg1 
bxc5 23.bxc5 Qe8 24.Nb4 Ra7 25.Be2 Kh7 26.Bc3 Bh6 27.Nd3 Bg7 28.Bb4 Bf6 
29.Bd1 Rg8 30.Ne5 Bxe5 31.fxe5 f4 32.Rg5 fxe3+ 33.fxe3 Rf7 34.Bxh5 gxh5 
35.Rxh5+ Kg7 36.Rg5+ Kf8 37.Rxg8+ Kxg8 38.Qg3+ Rg7 39.Qf4 Qg6 40.Kc3 Qb1 
0-1

[Event "Huntingdale Masters"]
[Site "Huntingdale Chess Club"]
[Date "2006.05.26"]
[Round "6"]
[White "Barber, H"]
[Black "Horstmann, M"]
[Result "1/2-1/2"]
[WhiteElo "2142"]
[BlackElo "2100"]
[EventDate "2006.04.21"]

1.e4 e5 2.Nf3 Nc6 3.Bb5 Nf6 4.O-O Nxe4 5.Re1 Nd6 6.Bxc6 dxc6 7.Nxe5 Be7 8.
d3 O-O 9.Bf4 Nf5 10.Nc3 Bd6 11.Qd2 Be6 12.Nc4 Qd7 13.Nxd6 Nxd6 14.Rad1 
Rfe8 15.Ne4 b6 16.Bxd6 cxd6 17.Qg5 Kf8 18.Qf4 d5 19.Ng5 1/2-1/2

[Event "Huntingdale Masters"]
[Site "Huntingdale Chess Club"]
[Date "2006.05.26"]
[Round "6"]
[White "Sheridan, W"]
[Black "Donaldson, T"]
[Result "0-1"]
[WhiteElo "1466"]
[BlackElo "1788"]
[EventDate "2006.04.21"]

1.d4 d5 2.Nf3 c6 3.e3 Bg4 4.c4 Bxf3 5.Qxf3 e6 6.Nc3 f5 7.cxd5 cxd5 8.Bb5+ 
Nc6 9.a3 Nf6 10.Bd2 Bd6 11.Rc1 Rc8 12.O-O O-O 13.Bxc6 bxc6 14.Na4 Ne4 15.
Qe2 Rf6 16.f4 Rh6 17.Be1 g5 18.g3 Qe7 19.b4 g4 20.Nc5 Nf6 21.Nd3 Rc7 22.
Ne5 Bxe5 23.fxe5 Ne4 24.Kg2 Ng5 25.Rh1 Rh3 26.Qa6 Qe8 27.b5 Nf3 28.Bf2 Qh5
29.Bg1 Nxg1 30.Kxg1 Qh6 31.Rxc6 Qxe3+ 32.Kg2 Qf3+ 33.Kg1 Rxg3+ 34.hxg3 
Qxg3+ 35.Kf1 Qf3+ 36.Ke1 Qxh1+ 37.Kd2 Qh2+ 38.Kd3 Qg3+ 39.Kd2 Qf4+ 40.Kd3 
Qe4+ 41.Kc3 Qe3+ 42.Kc2 Qe2+ 43.Kc3 Rf7 44.Qc8+ Kg7 45.Qxe6 Qe3+ 46.Kc2 g3
47.Qxd5 Qf2+ 48.Kd3 g2 0-1

[Event "Huntingdale Masters"]
[Site "Huntingdale Chess Club"]
[Date "2006.05.26"]
[Round "6"]
[White "Boyd, T"]
[Black "Roza, P"]
[Result "1/2-1/2"]
[WhiteElo "2240"]
[BlackElo "1937"]
[EventDate "2006.04.21"]

1.e4 e5 2.Nf3 Nc6 3.Bb5 a6 4.Ba4 Nf6 5.O-O Bc5 6.Nxe5 Nxe5 7.d4 Nxe4 8.Qe2
Be7 9.Qxe4 Ng6 10.c4 O-O 11.Nc3 Re8 12.Re1 Rb8 13.Bg5 Kf8 14.Bd2 b6 15.Qf5
Kg8 16.Qh5 Bb7 17.Bc2 Bf6 18.Rxe8+ Qxe8 19.Re1 Qd8 20.d5 Bd4 21.Bg5 Qf8 
22.Qg4 Re8 23.Bd2 Rxe1+ 24.Bxe1 Qe7 25.Bd2 Qh4 26.Qxh4 Nxh4 27.Bf4 c6 28.
Bg3 Ng6 29.Be4 Ne5 30.dxc6 Bxc6 31.Bxe5 Bxe5 32.Nd5 Bxd5 33.Bxd5 Bxb2 34.
a4 Kf8 35.Bb7 a5 1/2-1/2

[Event "Huntingdale Masters"]
[Site "Huntingdale Chess Club"]
[Date "2006.06.07"]
[Round "6"]
[White "Fedec, J"]
[Black "Dunlop, G"]
[Result "1-0"]
[WhiteElo "1858"]
[BlackElo "1812"]
[EventDate "2006.04.21"]

1.e4 g6 2.d4 d6 3.Nc3 Bg7 4.Be3 Nf6 5.f3 O-O 6.Qd2 a5 7.Bd3 Nbd7 8.g4 e5 
9.h4 exd4 10.Bxd4 Ne5 11.Be2 a4 12.h5 a3 13.hxg6 fxg6 14.b3 c5 15.Be3 Qa5 
16.O-O-O c4 17.f4 Nexg4 18.Bxc4+ Kh8 19.Bd4 Bd7 20.Nh3 Rac8 21.Be2 b5 22.
Ng5 b4 23.Nd5 h5 24.Ne7 1-0

[Event "Huntingdale Masters"]
[Site "Huntingdale Chess Club"]
[Date "2006.06.02"]
[Round "7"]
[White "Roza, P"]
[Black "Sheridan, W"]
[Result "1-0"]
[WhiteElo "1937"]
[BlackElo "1466"]
[EventDate "2006.04.21"]

1.e4 d6 2.d4 Nf6 3.Nc3 Nbd7 4.f4 e5 5.Nf3 exd4 6.Qxd4 g6 7.e5 dxe5 8.fxe5 
Bc5 9.Qh4 Qe7 10.Be2 Nxe5 11.Bg5 Neg4 12.O-O-O Be3+ 13.Kb1 Bxg5 14.Nxg5 
Ne3 15.Rhe1 Kf8 16.Bc4 Bf5 17.Qh6+ Kg8 18.Rxe3 Qf8 19.Bxf7+ Qxf7 20.Nxf7 
Kxf7 21.Rde1 Rae8 1-0

[Event "Huntingdale Masters"]
[Site "Huntingdale Chess Club"]
[Date "2006.06.02"]
[Round "7"]
[White "Kurniawan, S"]
[Black "Barber, H"]
[Result "1-0"]
[WhiteElo "1987"]
[BlackElo "2142"]
[EventDate "2006.04.21"]

1.g3 f5 2.b3 Nf6 3.Bb2 e6 4.Bg2 Be7 5.Nf3 d6 6.O-O O-O 7.d4 Ne4 8.Nfd2 
Nxd2 9.Qxd2 Bf6 10.c4 Nc6 11.Rd1 Qe8 12.Na3 Kh8 13.Nb5 Rf7 14.f4 a6 15.Na3
Bd7 16.e3 Rb8 17.Rac1 e5 18.fxe5 dxe5 19.d5 Nd8 20.c5 e4 21.d6 c6 22.Nc4 
Bxb2 23.Qxb2 Rf6 24.Qe5 Nf7 25.Qd4 Rh6 26.Rf1 Qe6 27.Rf4 b5 28.cxb6 Nxd6 
29.Rd1 Nxc4 30.bxc4 Rb7 31.c5 Rf6 32.g4 fxg4 33.Rxf6 gxf6 34.Bf1 Kg7 35.
Bxa6 g3 36.Bxb7 gxh2+ 37.Kh1 Be8 38.Rf1 Bh5 39.Qxf6+ 1-0